000 00301nam a2200133Ia 4500
008 191201s2011 xx 000 0 und d
100 _aHAMPTON, John J
245 0 _aFinancial Decision Making
250 _a4th
260 _aNew Delhi
_bPHI
_c2011
300 _a550
650 _aBBA
942 _2ddc
_cBK
999 _c5969
_d5969